| 000 | 00667nam a2200241Ia 4500 | ||
|---|---|---|---|
| 003 | OSt | ||
| 005 | 20220918211653.0 | ||
| 006 | a|||||r|||| 00| 0 | ||
| 007 | ta | ||
| 008 | 220917b |||||||| |||| 00| 0 eng d | ||
| 024 | _a125,171 | ||
| 037 | _cTextual | ||
| 040 |
_aARTS _cARTS _beng |
||
| 041 |
_2eng _aeng |
||
| 082 | _aW:17, N5 | ||
| 100 |
_aPieterse Jan Nederveen _926031 |
||
| 245 | 0 |
_aDeclonization of imagination _b culture |
|
| 260 |
_aLondon _bZed Books _c1995 |
||
| 650 | _aPOLITICAL SCIENCE | ||
| 700 |
_a Parekh Bhikhu _914499 |
||
| 942 |
_hW:17, N5 _cTEXL _2CC |
||
| 999 |
_c248356 _d248356 |
||